| 000 | 00458nam a22001577a 4500 | ||
|---|---|---|---|
| 008 | 230427b |||||||| |||| 00| 0 eng d | ||
| 040 |
_aNational Science Library _cNational Science Library |
||
| 080 |
_a530.145 _bN2 |
||
| 100 |
_aMisra, S P _97666 |
||
| 245 | _aIntroduction supersymmetry and supergravity | ||
| 260 |
_aNew Delhi: _bWiley Eastern Limited, _c1992 |
||
| 300 | _axvi, 240p. | ||
| 650 | _aScience | ||
| 653 | _aGravity | ||
| 942 |
_2udc _cBK |
||
| 999 |
_c24225 _d24225 |
||